Gemeinden im Landkreis Cloppenburg - Statistiken

Allgemein
  • Dieses Quiz wurde 20 mal gespielt
  • Das Durchschnittsergebnis liegt bei 5 aus 13
Antwortstatistiken
Einwohnerzahl Antwort % Korrekt
34.913 Cloppenburg
100%
22.456 Friesoythe
67%
12.119 Emstek
50%
15.048 Garrel
50%
13.441 Löningen
39%
7.104 Cappeln
33%
4.905 Lindern
33%
8.016 Bösel
28%
6.970 Lastrup
28%
8.727 Molbergen
28%
13.645 Saterland
28%
12.946 Barßel
22%
9.058 Essen
22%
Keine übereinstimmenden Quizze gefunden
Verteilung der Resultate
Anzahl Personen mit jedem Resultat
Perzentil nach korrekt beantworteten Fragen
Ihre Resultats-Entwicklung
Sie haben dieses Quiz noch nicht gespielt